[Event "Minsk op"]
[Site "Minsk"]
[Date "2023.11.07"]
[Round "5"]
[White "Petrasian, Artur"]
[Black "Mukhin, Pavel"]
[Result "1/2-1/2"]
[WhiteElo "1530"]
[BlackElo "2014"]
[PlyCount "63"]
[EventDate "2023.11.03"]
[EventType "swiss"]
[EventRounds "9"]
[EventCountry "BLR"]
[SourceTitle "CB46_2023"]
[SourceDate "2023.11.15"]
[SourceVersion "1"]
[SourceVersionDate "2023.11.15"]
[SourceQuality "1"]

1. d4 d5 2. c4 c6 3. Nf3 Nf6 4. e3 e6 5. Bd3 Nbd7 6. Nbd2 Bd6 7. 0-0 0-0 8. e4 dxe4 9. Nxe4 Nxe4 10. Bxe4 h6 11. b3 Re8 12. Bb2 Qc7 13. Re1 b6 14. d5 Bb7 15. dxc6 Bxc6 16. Bxc6 Qxc6 17. Nd4 Qb7 18. Nxe6 Bxh2+ 19. Kxh2 fxe6 20. Qg4 Nf8 21. Rad1 Rad8 22. Be5 Qf7 23. Bc3 Rxd1 24. Rxd1 e5 25. Kg1 Qf4 26. Qe2 Qf5 27. Qd3 Qh5 28. Qd5+ Kh7 29. f4 Ng6 30. fxe5 Nf4 31. Qe4+ Kh8 32. Rd2 1/2-1/2

[Event "Minsk op"]
[Site "Minsk"]
[Date "2023.11.03"]
[Round "1"]
[White "Petrasian, Artur"]
[Black "Kharitonchik, Nikolay"]
[Result "1-0"]
[WhiteElo "1530"]
[BlackElo "1800"]
[PlyCount "75"]
[EventDate "2023.11.03"]
[EventType "swiss"]
[EventRounds "9"]
[EventCountry "BLR"]
[SourceTitle "CB46_2023"]
[SourceDate "2023.11.15"]
[SourceVersion "1"]
[SourceVersionDate "2023.11.15"]
[SourceQuality "1"]

1. d4 e6 2. c4 d5 3. Nf3 Nc6 4. Nc3 Nf6 5. cxd5 exd5 6. Bg5 Be7 7. e3 a6 8. Bd3 h6 9. Bh4 Bg4 10. a3 Na7 11. h3 Bh5 12. g4 Bg6 13. Bxg6 fxg6 14. Qc2 0-0 15. Qxg6 c6 16. Ne5 Nb5 17. g5 hxg5 18. Bxg5 Qe8 19. Qxe8 Rfxe8 20. f3 Nd6 21. Rg1 Nh5 22. Bxe7 Rxe7 23. Rg6 Nf7 24. f4 Nf6 25. Ke2 Nd6 26. Rag1 Nfe4 27. h4 Nxc3+ 28. bxc3 Nb5 29. Kd3 Nxa3 30. h5 Kh7 31. h6 Nc4 32. f5 Nxe5+ 33. dxe5 Rxe5 34. Rxg7+ Kh8 35. f6 Ree8 36. f7 Rf8 37. h7 a5 38. Rg8+ 1-0